000 01120nam0a2200313 4500
001 RU\NLR\bibl\1223367
005 20260408161540.0
010 _a978-5-9684-0714-6
_94000
021 _aRU
_b2008-18754
_91025
035 _a(NLR Aleph) 001209696
090 _a70297
_c70297
100 _a20080506d2008 |||y0rusy50 ca
101 0 _arus
102 _aRU
105 _aa |||||||||
200 1 _aЙога на фитболе
_fИрина Смирнова
210 _aСанкт-Петербург
_cВектор
_d2008
215 _a159 с.
_cил.
_d22
225 1 _aЧерез движение - к совершенству
606 1 _aФитбол-гимнастика
_92517856
_3RU\NLR\auth\661492205
606 _aГимнастика йогов для женщин
_3RU\NLR\auth\66288000
_91420325
686 _aЧ516.916.215.26
686 _aЧ511.49
700 1 _4070
_8rus
_7ca
_aСмирнова
_bИ. В.
_cтренер
_gИрина Владимировна
_3RU\NLR\auth\7761565
_944495
801 0 _aRU
_bNLR
_c20080506
_gRCR
801 1 _aRU
_bNLR
_c20080506
942 _cBOOK
980 _aNB